000 00455nam a2200205Ia 4500
001 11608
003 GE_BSU
008 181216s||||||||xx |||||||||||||| ||und||
020 _a0747273480
040 _cGE_BSU
080 _a821.111-312
100 _aPatterson,James.
245 _aPop goes the weasel.
260 _aLondon
260 _bHeadline Feature.
260 _c1999.
300 _a342p;24cm.
653 _aPop goes the weasel.
942 _cBK
999 _c44803
_d44803